Statistics for Artists That Have Headlined Reading and Leeds More Than Once

Click here to take the quiz!

General Stats

  • This quiz has been taken 9 times
  • The average score is 10 of 27

Answer Stats

Times HeadlinedAnswer% Correct
3Arctic Monkeys
67%
3Eminem
67%
4Foo Fighters
67%
2Blur
56%
2Green Day
56%
4Metallica
56%
2Pixies
44%
2Post Malone
44%
2Rage Against the Machine
44%
4Red Hot Chili Peppers
44%
2The Killers
44%
3Biffy Clyro
33%
2Blink-182
33%
2Fall Out Boy
33%
2Guns N Roses
33%
2Kings of Leon
33%
2 (once as part of a band, once solo)Liam Gallagher
33%
2Manic Street Preachers
33%
3Muse
33%
2Paramore
33%
2The 1975
33%
2Kasabian
22%
2The Smashing Pumpkins
22%
2The Strokes
22%
2Disclosure
11%
2Foals
11%
2New Order
11%

Score Distribution

Percentile by Number Answered

Percent of People with Each Score

Your Score History

You have not taken this quiz